00942nam a2200265 i 450000100060000000300090000600500170001500700030003200800410003502000180007608000110009410000280010524501430013325000120027626000310028830000300031949000200034950400280036965000400039770000390043783000280047685200330050499900170053795201220055419020ES-MaACL20250826060151.0t|020514s2001 sp ||||1| spa d a84-8306-455-3 a001.981 aGardner, Martin.95551311a¿Tenían ombligo Adán y Eva? b: la falsedad de la seudociencia al descubierto / cMartin Gardner ; traducción de Juan Manuel Ibeas. a1ª ed. aMadrid : bDebate, c2001. a395 p. : bil. ; c22 cm.1 aTemas de debate aBibliografía. Indice.17aErrores científicos2embne9123481 aIbeas Delgado, Juan Manuel.9649870 aTemas de debate9179795 aES-MaACLjL-25500 bR.131329 c19020d19020 00104070aATENEOMbATENEOMcDEPO2d2008-01-17eSCl0oL-25500p1019459r2023-02-23 00:00:00w2023-02-23yMONOGRAFIA